000 01310cam a2200325 i 4500
001 71032
003 Mx-PuUPA
005 20240607114639.0
008 240607s2020 mx |||gr|||| 00| 0 spa d
020 _a9786073036696
040 _aMx-PuUPA
_bspa
_cMx-PuUPA
_dMx-PuUPA
_erda
041 1 _aspa
_heng
100 1 _aNichols, Bill,
_d1942-
_93667
_eautor
240 1 0 _aSpeaking truths with film.
_lEspañol
245 1 0 _aDecir verdades con cine :
_bevidencia, ética, política en documental /
_cBill Nichols ; Miguel Bustos García, traductor
250 _aPrimera edición
264 1 _aCiudad de México :
_bUniversidad Nacional Autónoma de México : Escuela Nacional de Artes Cinematográficas,
_c©2020
300 _a339 páginas ;
_c23 cm
336 _2rdacontent
_atexto
_btxt
337 _2rdamedia
_asin medio
_bn
338 _2rdacarrier
_avolumen
_bnc
490 0 _aLetras Fílmicas
650 7 _2armarc
_aPelículas documentales
_xHistoria y crítica
700 1 _aBustos García, Miguel,
_etraductor
765 0 _aNichols, Bill, 1942-
_dOakland : University Press, 2016
_tSpeaking truths with film.
942 _2ddc
_cLI
_h070.18
_iN582
999 _c71032
_d71032